000 00521cam a22001697a 4500
008 180718b1892 xxu||||| |||| 00| 0 eng d
082 _aA6x54 R861/R165
100 _aGriffin, Lepal
245 _aRanjit Singh
_cby Lepal Griffin
260 _aOxford
_bClarendon Press
_c1892
300 _a223+p.
440 _aRulers of India
650 _aPunjab (India) --History, Military
650 _aGenerals --India --Punjab --Biography
650 _aSikhs --History
650 _aRanjit Singh, Maharaja of the Punjab, 1780-1839
999 _c438141
_d438141